Ceramah agama sempena Maal Hijrah : 17 Julai 1992
| Corporate Author: | |
|---|---|
| Format: | Book |
| Published: |
Bangi :
Institut Penilaian Negara ,
1992
|
| Subjects: |
MARC
| LEADER | 00000cam a2200000 7i4500 | ||
|---|---|---|---|
| 001 | 0000004638 | ||
| 005 | 20080410.0 | ||
| 040 | |a INS | ||
| 090 | 0 | 0 | |a VCD 1256 |
| 245 | 0 | 0 | |a Ceramah agama sempena Maal Hijrah : |b 17 Julai 1992 |c oleh En Zaabar Mohd Yusof [ |h cakera video] |
| 260 | |a Bangi : |b Institut Penilaian Negara , |c 1992 | ||
| 300 | |a 1 cakera video (63 min.) : |b bny. wrn. ; |c 4 3/4 in. | ||
| 650 | 0 | 0 | |a Islam |
| 710 | 1 | |a Institut Penilaian Negara | |
| 999 | |a VCD0001256 |b VIDEO CD |c Media Collection |e Default branch | ||